000 00335nam a22001457a 4500
003 OSt
005 20211229155207.0
008 211229b |||||||| |||| 00| 0 eng d
020 _a108177224190
040 _cHU
082 _a005.2762
100 _aMann D.Kito
_926165
245 _aJava Server Faces in Action
942 _2ddc
_cBOOKS
_n0
999 _c25094
_d25094